000 00319nam a2200133Ia 4500
008 220216s9999 xx 000 0 und d
100 _aKing B
245 0 _aWaste in the rubber industry
260 _bIRI Transactions
_c1939
300 _a125-130
650 _aRubber industry
650 _aRubber waste
942 _cJS
999 _c72279
_d72279